[Event "26th EUR-ch"]
[Site "Katowice POL"]
[Date "2026.04.08"]
[Round "2.157"]
[White "Niezhentsev, Kyrylo"]
[Black "Bognar, Csaba"]
[Result "1-0"]
[WhiteElo "2293"]
[BlackElo "2057"]
[EventDate "2026.04.07"]
[PlyCount "137"]

1.d4 Nf6 2.c4 g6 3.Nc3 Bg7 4.e4 d6 5.Nf3 O-O 6.Be2 Nbd7 7.O-O e5 8.d5 Nc5 
9.Qc2 a5 10.Be3 Ng4 11.Bxc5 dxc5 12.h3 Nh6 13.Rfd1 f5 14.a3 Nf7 15.Rab1 
Qe7 16.Bd3 Nd6 17.Qe2 Bd7 18.Re1 Rae8 19.Bc2 b6 20.Rbd1 f4 21.Ba4 Bxa4 22.
Nxa4 Ra8 23.Nc3 g5 24.Nb5 h5 25.Nd2 Qf7 26.Rb1 Ne8 27.f3 Qg6 28.Kf2 Rf7 
29.Rh1 Bf8 30.Rbg1 Nf6 31.Qd3 Rg7 32.Ke2 Bd6 33.Nxd6 cxd6 34.Nb1 Nd7 35.
Nc3 Nb8 36.Na4 Rb7 37.g3 Na6 38.gxf4 exf4 39.e5 Rg7 40.Qxg6 Rxg6 41.exd6 
Kf7 42.Nxb6 Rd8 43.Rg2 Rgxd6 44.Na4 Rg6 45.Nc3 Kf6 46.Ne4+ Kf5 47.Rhg1 
Rdg8 48.d6 Nb8 49.Rd1 Nd7 50.Rd5+ Ne5 51.Nxc5 Kf6 52.d7 g4 53.hxg4 hxg4 
54.Rxg4 Nxg4 55.d8=Q+ Rxd8 56.Rxd8 Ne3 57.Rd6+ Kf5 58.Rxg6 Kxg6 59.Kd3 Kf5
60.Nb7 Nd1 61.b3 a4 62.bxa4 Nb2+ 63.Kd4 Nxa4 64.c5 Ke6 65.Nd6 Kd7 66.Nc4 
Kc6 67.Ne5+ Kc7 68.Nd3 Kc6 69.Kc4 1-0

[Event "26th EUR-ch"]
[Site "Katowice POL"]
[Date "2026.04.08"]
[Round "2.158"]
[White "Stan, Andrei-Mihaita"]
[Black "Lymar, Vladislav"]
[Result "0-1"]
[WhiteElo "2038"]
[BlackElo "2289"]
[EventDate "2026.04.07"]
[PlyCount "86"]

1.Nf3 Nf6 2.b3 d5 3.Bb2 Bf5 4.e3 e6 5.c4 c6 6.Be2 h6 7.O-O Bd6 8.Be5 O-O 
9.Bxd6 Qxd6 10.d4 Nbd7 11.Nc3 Ne4 12.Nxe4 dxe4 13.c5 Qe7 14.Nd2 b5 15.b4 
Nf6 16.Nb3 Nd5 17.Qd2 Rfd8 18.a4 a6 19.axb5 axb5 20.Rxa8 Rxa8 21.Na5 Qc7 
22.Ra1 g5 23.Bd1 g4 24.f4 gxf3 25.gxf3 Kh8 26.Kh1 Rg8 27.Bc2 exf3 28.e4 
Qf4 29.Qxf4 Nxf4 30.h4 Ne2 31.Bd3 Ng3+ 32.Kh2 Bxe4 33.Bxe4 Nxe4 34.Rg1 Rc8
35.Rf1 f2 36.Nb7 f5 37.Nd6 Nxd6 38.cxd6 Rd8 39.Rxf2 Rxd6 40.Rf4 Kg7 41.Kg3
Kf6 42.Kf3 e5 43.dxe5+ Kxe5 0-1

[Event "26th EUR-ch"]
[Site "Katowice POL"]
[Date "2026.04.08"]
[Round "2.159"]
[White "Pozimski, Szymon"]
[Black "Durucay, Uygar"]
[Result "0-1"]
[WhiteElo "2025"]
[BlackElo "2286"]
[EventDate "2026.04.07"]
[PlyCount "80"]

1.Nf3 Nf6 2.c4 e6 3.d4 Bb4+ 4.Bd2 Qe7 5.a3 Bxd2+ 6.Nbxd2 d6 7.e3 O-O 8.Be2
e5 9.d5 Ne8 10.Ne4 f5 11.Nc3 Nd7 12.Qc2 a5 13.O-O g5 14.Ne1 e4 15.b3 Nef6 
16.Qd2 Ne5 17.f4 exf3 18.Nxf3 Nxf3+ 19.Bxf3 Bd7 20.Rae1 Rae8 21.g3 Qg7 22.
Kh1 Re5 23.Re2 Be8 24.Ref2 Bg6 25.Nb5 a4 26.Nd4 Qh6 27.Ne6 axb3 28.Nxf8 
Kxf8 29.Re1 g4 30.Bg2 Nd7 31.Rf4 Kg8 32.Qa5 b6 33.Qa8+ Qf8 34.Qa7 Qc8 35.
Kg1 Nc5 36.Rd4 Re8 37.Rd2 Qd7 38.e4 fxe4 39.Re3 Rc8 40.a4 Qd8 0-1

[Event "26th EUR-ch"]
[Site "Katowice POL"]
[Date "2026.04.08"]
[Round "2.160"]
[White "Ilko-Toth, Andras"]
[Black "Korniichuk, Oleksandra"]
[Result "1/2-1/2"]
[WhiteElo "2283"]
[BlackElo "2055"]
[EventDate "2026.04.07"]
[PlyCount "72"]

1.d4 Nf6 2.Nf3 e6 3.g3 d5 4.Bg2 Be7 5.O-O O-O 6.c4 a5 7.Nc3 c6 8.Bf4 dxc4 
9.Ne5 Nd5 10.Nxc4 Nxf4 11.gxf4 Nd7 12.e3 Nf6 13.Rc1 Bd7 14.Qb3 Rb8 15.Rfd1
Nd5 16.Ne4 Be8 17.Ne5 f6 18.Nf3 Bf7 19.a3 Kh8 20.Ng3 Qc7 21.Qc2 Rfc8 22.
Bh3 f5 23.Ne5 Bd6 24.Bg2 g6 25.Ne2 Qe7 26.Nc3 Rg8 27.Kh1 g5 28.Nxd5 cxd5 
29.fxg5 Rxg5 30.f4 Rg7 31.Bf3 Rbg8 32.Rg1 Be8 33.Qf2 Bb5 34.Be2 Bxe2 35.
Qxe2 Bxe5 36.dxe5 Rxg1+ 1/2-1/2

[Event "26th EUR-ch"]
[Site "Katowice POL"]
[Date "2026.04.08"]
[Round "2.161"]
[White "Rekuc, Patryk"]
[Black "Omarsson, Josef"]
[Result "0-1"]
[WhiteElo "2280"]
[BlackElo "2045"]
[EventDate "2026.04.07"]
[PlyCount "110"]

1.d4 Nf6 2.c4 g6 3.Nc3 Bg7 4.e4 d6 5.Nf3 O-O 6.Be2 e5 7.d5 Nbd7 8.Be3 a5 
9.h3 b6 10.g4 Nc5 11.Nd2 Ne8 12.Rg1 Kh8 13.Qc2 f5 14.gxf5 gxf5 15.Bg5 Bf6 
16.Bh6 Bg7 17.Bg5 Bf6 18.Bh6 Bg7 19.Bxg7+ Nxg7 20.O-O-O fxe4 21.Ndxe4 Bf5 
22.f3 Qh4 23.Qd2 Bxe4 24.Rg4 Qxh3 25.fxe4 Rf6 26.Rdg1 Rg8 27.Nd1 Qh2 28.
R1g2 Qh1 29.Rg1 Qh2 30.R1g2 Qh1 31.Kc2 Nxe4 32.Qd3 Nc5 33.Qg3 Ne4 34.Rxe4 
Rg6 35.Rg4 Nf5 36.Qf2 Rxg4 37.Bxg4 h5 38.Bf3 Nd4+ 39.Qxd4 Qxg2+ 40.Bxg2 
exd4 41.Be4 Rg3 42.Nf2 h4 43.Nd3 Kg7 44.Nf4 Rg4 45.Ne6+ Kf6 46.Bf3 Rg3 47.
Nxd4 h3 48.Bh1 Rg1 49.Bf3 h2 50.Nc6 Rf1 51.Be4 Rf4 52.Bh1 Rxc4+ 53.Kd2 Rg4
54.Na7 Rg1 55.Bf3 Rf1 0-1

[Event "26th EUR-ch"]
[Site "Katowice POL"]
[Date "2026.04.08"]
[Round "2.162"]
[White "Golsta, Madara"]
[Black "Ribeiro, Gustavo"]
[Result "0-1"]
[WhiteElo "2008"]
[BlackElo "2280"]
[EventDate "2026.04.07"]
[PlyCount "134"]

1.e4 e5 2.Nf3 Nc6 3.Nc3 Nf6 4.d4 exd4 5.Nxd4 d6 6.Bb5 Bd7 7.Nxc6 bxc6 8.
Ba4 Be7 9.O-O O-O 10.Qf3 Ng4 11.Bf4 Bf6 12.h3 Ne5 13.Qe2 Re8 14.Bg3 Qb8 
15.Rab1 Qb4 16.a3 Qc5 17.Bf4 Qc4 18.Bxe5 Qxe2 19.Nxe2 Rxe5 20.f3 Rb8 21.
Nf4 Rg5 22.Bb3 g6 23.h4 Ra5 24.g3 Be5 25.Kf2 c5 26.h5 Kg7 27.hxg6 hxg6 28.
Rh1 c4 29.Bxc4 Rxb2 30.Rxb2 Bxb2 31.Rb1 Bxa3 32.Nd5 Bc5+ 33.Ke2 c6 34.Nf4 
Ra4 35.Bb3 Ra3 36.Nd3 Bb6 37.Nb2 Bc8 38.Kd2 Ba6 39.Na4 Bd4 40.c3 Bf2 41.
Kc2 Bb5 42.Kb2 Rxa4 43.Bxa4 Bxa4 44.Ra1 Bb5 45.Kb3 Be2 46.g4 Bb6 47.f4 
Bxg4 48.Kc2 d5 49.Kd3 dxe4+ 50.Kxe4 Bf5+ 51.Kf3 a5 52.Ke2 Bc2 53.Kd2 Bb3 
54.Kc1 a4 55.Kb2 Bc5 56.Re1 Bd5 57.Re8 a3+ 58.Ka1 Bd6 59.Ra8 a2 60.Ra4 Bb3
61.Ra6 Bxf4 62.Rxc6 Be5 63.Kb2 Be6 64.Rc5 Bf6 65.Ra5 g5 66.Kc2 g4 67.Kd3 
g3 0-1

[Event "26th EUR-ch"]
[Site "Katowice POL"]
[Date "2026.04.08"]
[Round "2.163"]
[White "Varga, Csaba Zoltan"]
[Black "Lasok, Marek"]
[Result "1-0"]
[WhiteElo "2280"]
[BlackElo "2009"]
[EventDate "2026.04.07"]
[PlyCount "81"]

1.g4 d5 2.Bg2 Bxg4 3.c4 c6 4.cxd5 cxd5 5.Nc3 Nf6 6.Qb3 e6 7.Qxb7 Nbd7 8.d4
Bd6 9.Nf3 O-O 10.O-O Qb8 11.Qxb8 Raxb8 12.b3 Rfc8 13.Bb2 Bb4 14.Rfc1 Ne4 
15.Nxe4 dxe4 16.Ne5 Nxe5 17.dxe5 Bxe2 18.Bxe4 Bd2 19.Rxc8+ Rxc8 20.f3 g6 
21.Kf2 Bb5 22.Rd1 Bf4 23.h4 Kg7 24.Rd6 Kh6 25.a4 f5 26.exf6 Bxd6 27.axb5 
e5 28.Kg3 g5 29.Kg4 gxh4 30.Kxh4 Rc7 31.Kg4 Rc8 32.Kf5 Re8 33.Bc1+ Kh5 34.
Bg5 h6 35.Be3 Rb8 36.Bc6 Kh4 37.Bxh6 a6 38.bxa6 Bc5 39.f7 Kh5 40.Bg5 Rf8 
41.Be8 1-0

[Event "26th EUR-ch"]
[Site "Katowice POL"]
[Date "2026.04.08"]
[Round "2.164"]
[White "Zawisza, Alan"]
[Black "Liskiewicz, Jakub"]
[Result "1/2-1/2"]
[WhiteElo "2007"]
[BlackElo "2280"]
[EventDate "2026.04.07"]
[PlyCount "107"]

1.e4 c6 2.d4 d5 3.e5 Bf5 4.Nf3 e6 5.Be2 a6 6.O-O Bg6 7.Nbd2 c5 8.c3 Nc6 9.
dxc5 Bxc5 10.Nb3 Bb6 11.Nbd4 Nge7 12.Bf4 O-O 13.Bd3 Bxd4 14.cxd4 Qb6 15.
Bxg6 Nxg6 16.Qd2 Nxf4 17.Qxf4 Qxb2 18.Rab1 Qxa2 19.Rxb7 Rab8 20.Rc7 Rbc8 
21.Rb7 h6 22.Rc1 Na5 23.Rxc8 Nxb7 24.Rxf8+ Kxf8 25.Qc1 Qc4 26.Qxc4 dxc4 
27.Kf1 Ke7 28.Ke2 Kd7 29.Kd2 Kc6 30.Kc3 Kd5 31.Nd2 Na5 32.Nf1 Nc6 33.Ne3+ 
Ke4 34.Nc2 Kd5 35.f3 Nxd4 36.Nxd4 Kxe5 37.Kxc4 g5 38.Nc6+ Kf5 39.Kd4 h5 
40.g3 Kf6 41.Ke4 Kg7 42.Ke5 Kg6 43.Kd6 Kf6 44.Kd7 h4 45.g4 a5 46.Kd6 a4 
47.Nb4 a3 48.Na2 Kg7 49.Ke5 Kg6 50.Nb4 Kg7 51.Ke4 Kg6 52.Kd3 Kf6 53.Kc4 
Ke5 54.Nd3+ 1/2-1/2

[Event "26th EUR-ch"]
[Site "Katowice POL"]
[Date "2026.04.08"]
[Round "2.165"]
[White "Filindash, Nikita"]
[Black "Radzikowski, Dawid"]
[Result "1/2-1/2"]
[WhiteElo "2279"]
[BlackElo "2007"]
[EventDate "2026.04.07"]
[PlyCount "67"]

1.d4 f5 2.c4 e6 3.g3 Nf6 4.Bg2 Bb4+ 5.Bd2 Bxd2+ 6.Nxd2 O-O 7.Nh3 d6 8.O-O 
e5 9.dxe5 dxe5 10.e4 fxe4 11.Ng5 Nc6 12.Ndxe4 Nd4 13.Nxf6+ Qxf6 14.Bd5+ 
Kh8 15.Qh5 h6 16.Nf7+ Kh7 17.Nxe5 g6 18.Qh4 Qxe5 19.Rae1 g5 20.Rxe5 gxh4 
21.Re7+ Kg6 22.Rxc7 Bh3 23.Re1 Nf3+ 24.Bxf3 Rxf3 25.Ree7 Raf8 26.Rg7+ Kf6 
27.Rxb7 Ke5 28.Rbe7+ Kd6 29.Re2 Rd3 30.f4 Rf3 31.Rf2 Rd3 32.Re2 Rf3 33.Rf2
Rd3 34.Re2 1/2-1/2

[Event "26th EUR-ch"]
[Site "Katowice POL"]
[Date "2026.04.08"]
[Round "2.166"]
[White "Ilgililer, Bertug"]
[Black "Hryzlova, Sofiia"]
[Result "1-0"]
[WhiteElo "1996"]
[BlackElo "2278"]
[EventDate "2026.04.07"]
[PlyCount "73"]

1.e4 e6 2.d4 d5 3.Nd2 c5 4.exd5 Qxd5 5.Ngf3 cxd4 6.Bc4 Qd6 7.O-O Nf6 8.Nb3
Nc6 9.Nbxd4 Nxd4 10.Nxd4 Be7 11.c3 O-O 12.Re1 Bd7 13.Qf3 Qc7 14.Bb3 a5 15.
Bg5 Rfe8 16.Rad1 a4 17.Bc2 Ra5 18.Bh4 Rc5 19.a3 Qb6 20.Rd2 Nd5 21.Bxe7 
Rxe7 22.c4 Nf6 23.Nf5 Re8 24.Nh6+ gxh6 25.Qxf6 Qa5 26.Bxh7+ Kxh7 27.Qxf7+ 
Kh8 28.Qxd7 Rcc8 29.Rxe6 Qh5 30.Qd4+ Kg8 31.Qf6 Rxc4 32.h3 Rc1+ 33.Kh2 Rf8
34.Rd8 Qf7 35.Rxf8+ Qxf8 36.Qg6+ Kh8 37.Re8 1-0

[Event "26th EUR-ch"]
[Site "Katowice POL"]
[Date "2026.04.08"]
[Round "2.167"]
[White "Velikic, Adela"]
[Black "Pasa, Ahmet"]
[Result "1-0"]
[WhiteElo "2278"]
[BlackElo "2004"]
[EventDate "2026.04.07"]
[PlyCount "105"]

1.d4 d5 2.Nf3 Nf6 3.Bf4 c5 4.e3 Nc6 5.Nbd2 e6 6.c3 cxd4 7.exd4 Nh5 8.Bg5 
Be7 9.Bxe7 Qxe7 10.Ne5 Nf4 11.g3 Ng6 12.f4 Ngxe5 13.fxe5 O-O 14.Bd3 f5 15.
O-O Bd7 16.Qe2 Rf7 17.Rf2 Raf8 18.Raf1 Qg5 19.Rf4 g6 20.Rh4 a6 21.Nf3 Qe7 
22.Qd2 Nd8 23.Ng5 Rg7 24.Rf2 Nf7 25.Nxf7 Rgxf7 26.Be2 Qe8 27.Kh1 Bb5 28.
Bd1 Qe7 29.Rh6 Kg7 30.Rh3 Kg8 31.Kg1 Bc4 32.a4 a5 33.Rf4 Qg5 34.b3 Ba6 35.
Rf2 Qxd2 36.Rxd2 Rc7 37.g4 f4 38.b4 b6 39.bxa5 bxa5 40.Rb2 Rb7 41.Rxb7 
Bxb7 42.Kf2 Ba6 43.g5 Rb8 44.Bg4 Rb2+ 45.Ke1 Bc8 46.Rf3 Rxh2 47.c4 dxc4 
48.d5 Rb2 49.Rxf4 Rb4 50.dxe6 Bb7 51.e7 Bc6 52.Be6+ Kg7 53.Rf7+ 1-0

[Event "26th EUR-ch"]
[Site "Katowice POL"]
[Date "2026.04.08"]
[Round "2.168"]
[White "Dovzhenko, Oleksandr"]
[Black "Szakmary, Domonkos"]
[Result "0-1"]
[WhiteElo "1990"]
[BlackElo "2278"]
[EventDate "2026.04.07"]
[PlyCount "114"]

1.e4 c5 2.Nf3 Nc6 3.Nc3 e6 4.g3 a6 5.a4 Qc7 6.Bg2 Nf6 7.O-O Be7 8.d4 cxd4 
9.Nxd4 O-O 10.Be3 Ne5 11.Bf4 d6 12.Bxe5 dxe5 13.Nb3 b6 14.Qe2 Bb7 15.Rfd1 
Rac8 16.h3 h6 17.Rd3 Bc6 18.g4 b5 19.axb5 axb5 20.Qe3 Ra8 21.Rxa8 Rxa8 22.
Bf3 b4 23.Nd1 Bb5 24.Rd2 Nh7 25.h4 Bxh4 26.Qc5 Qxc5 27.Nxc5 Rc8 28.Nb7 Be7
29.c3 Ng5 30.Bg2 bxc3 31.Nxc3 Bc6 32.Nd6 Ra8 33.Kh2 Rd8 34.Nc4 Rxd2 35.
Nxd2 Bb4 36.Kg3 f6 37.f3 Kf7 38.Bf1 Ke7 39.Nc4 Nf7 40.Bd3 Nd6 41.Ne3 Kd7 
42.Nc2 Bxc3 43.bxc3 Bb5 44.Nb4 Bxd3 45.Nxd3 Kc6 46.Kf2 Nb5 47.c4 Nd6 48.
Nb4+ Kc5 49.Na6+ Kb6 50.Nb8 Nxc4 51.Nd7+ Kc6 52.Nf8 Kd6 53.Ng6 Na5 54.Kg3 
Nc6 55.Kh4 Nd4 56.Kg3 Ne2+ 57.Kh4 Nf4 0-1

[Event "26th EUR-ch"]
[Site "Katowice POL"]
[Date "2026.04.08"]
[Round "2.169"]
[White "Szczurek, Krzysztof"]
[Black "Stierhof, Michael"]
[Result "1-0"]
[WhiteElo "2273"]
[BlackElo "1993"]
[EventDate "2026.04.07"]
[PlyCount "33"]

1.e4 c5 2.b3 Nf6 3.e5 Nd5 4.Nc3 Nc7 5.Nf3 g6 6.d4 cxd4 7.Qxd4 Bg7 8.Bb2 
Nc6 9.Qe3 d6 10.exd6 Nd5 11.Nxd5 Bxb2 12.Rd1 Qxd6 13.Bb5 Kf8 14.O-O Ne5 
15.Qh6+ Kg8 16.Nf6+ exf6 17.Rxd6 1-0

[Event "26th EUR-ch"]
[Site "Katowice POL"]
[Date "2026.04.08"]
[Round "2.170"]
[White "Varney, Zoe"]
[Black "Jarocka, Liwia"]
[Result "1/2-1/2"]
[WhiteElo "1988"]
[BlackElo "2272"]
[EventDate "2026.04.07"]
[PlyCount "105"]

1.e4 c6 2.d4 d5 3.e5 Bf5 4.h4 a6 5.h5 c5 6.dxc5 Nc6 7.Bd3 Qd7 8.Nf3 Bg4 9.
Bf4 e6 10.Nbd2 Bxc5 11.Rh4 Bxf3 12.Nxf3 Nge7 13.a3 Nf5 14.Bxf5 exf5 15.Qd2
Nd8 16.O-O-O Ne6 17.Be3 Bxe3 18.Qxe3 f4 19.Qd2 Rd8 20.Nd4 O-O 21.Nxe6 fxe6
22.Rxf4 Rxf4 23.Qxf4 Rf8 24.Qh4 Qf7 25.f3 Qf4+ 26.Qxf4 Rxf4 27.Rd3 Rf5 28.
g4 Rxe5 29.Kd2 Kf7 30.Rd4 Rg5 31.Rb4 b5 32.a4 g6 33.hxg6+ Kxg6 34.axb5 
axb5 35.Rxb5 h5 36.gxh5+ Rxh5 37.c3 Kf5 38.Rb8 Rh1 39.b4 Ke5 40.Rf8 Kd6 
41.Rc8 Kd7 42.Ra8 Rf1 43.Ke3 e5 44.Ra7+ Kd6 45.Ra6+ Kd7 46.Ra5 Kd6 47.Ra6+
Kd7 48.Ra2 Rc1 49.Kd3 Rf1 50.Ke3 Rc1 51.Ra3 Rb1 52.Ra7+ Kd6 53.Ra6+ 
1/2-1/2

[Event "26th EUR-ch"]
[Site "Katowice POL"]
[Date "2026.04.08"]
[Round "2.171"]
[White "Dovbysh, Timur"]
[Black "Musial, Igor"]
[Result "0-1"]
[WhiteElo "1984"]
[BlackElo "2270"]
[EventDate "2026.04.07"]
[PlyCount "84"]

1.e4 c5 2.Nc3 e6 3.Nf3 Nc6 4.Bb5 Nge7 5.O-O a6 6.Bxc6 Nxc6 7.d4 cxd4 8.
Nxd4 Qc7 9.Nxc6 dxc6 10.Qh5 b5 11.e5 c5 12.Re1 Bb7 13.Bg5 h6 14.Ne4 Bxe4 
15.Rxe4 Be7 16.Bxe7 Qxe7 17.Rd1 Rd8 18.Re3 O-O 19.Red3 Rxd3 20.Rxd3 Rd8 
21.Rxd8+ Qxd8 22.Qe2 Qg5 23.Qe1 Qf5 24.Qe2 Qf4 25.Qe1 Qc4 26.Qb1 Qe2 27.g3
Qxe5 28.h4 c4 29.c3 g6 30.Qc1 Kg7 31.a3 Qe2 32.Kg2 e5 33.Kg1 f5 34.Kg2 f4 
35.gxf4 Qg4+ 36.Kf1 exf4 37.Qd2 f3 38.Qe3 Kf6 39.Qb6+ Qe6 40.Qd8+ Kf5 41.
Qf8+ Kg4 42.Qc5 Kh3 0-1

[Event "26th EUR-ch"]
[Site "Katowice POL"]
[Date "2026.04.08"]
[Round "2.172"]
[White "Karvatskyi, Oleksii"]
[Black "Smolinski, Wojciech"]
[Result "1-0"]
[WhiteElo "2269"]
[BlackElo "1989"]
[EventDate "2026.04.07"]
[PlyCount "77"]

1.e4 c5 2.Nf3 d6 3.d4 cxd4 4.Nxd4 Nf6 5.Bd3 Nc6 6.Nxc6 bxc6 7.O-O e5 8.c4 
Be7 9.Nc3 O-O 10.h3 Be6 11.Qe2 Nd7 12.Be3 Nc5 13.Bc2 a5 14.Rab1 Qc7 15.a3 
Bd7 16.b4 axb4 17.axb4 Ne6 18.b5 Nd4 19.Bxd4 exd4 20.bxc6 dxc3 21.cxd7 
Qxd7 22.Qd3 Qe6 23.Rb6 Rfb8 24.Rfb1 Rxb6 25.Rxb6 Ra1+ 26.Bb1 Qe5 27.Rb5 
Qf6 28.c5 c2 29.Qxc2 dxc5 30.e5 Qh6 31.Rb8+ Bf8 32.Qd1 g6 33.g3 Qxh3 34.
Qd8 Qh6 35.e6 fxe6 36.Qf6 Ra7 37.Ba2 Qc1+ 38.Kg2 Rf7 39.Bxe6 1-0

[Event "26th EUR-ch"]
[Site "Katowice POL"]
[Date "2026.04.08"]
[Round "2.173"]
[White "Mirski, Stanislaw"]
[Black "Zakin, Lior"]
[Result "0-1"]
[WhiteElo "2266"]
[BlackElo "1986"]
[EventDate "2026.04.07"]
[PlyCount "80"]

1.d4 Nf6 2.c4 g6 3.Nf3 Bg7 4.g3 O-O 5.Bg2 d6 6.O-O a5 7.Nc3 Re8 8.h3 Nc6 
9.d5 Nb4 10.Nd4 Na6 11.Rb1 e6 12.dxe6 fxe6 13.b3 c6 14.e4 e5 15.Nde2 Qc7 
16.Be3 Nc5 17.Qc2 Be6 18.Rfd1 Bf7 19.Rd2 Nfd7 20.Rbd1 Bf8 21.f4 a4 22.Rb1 
axb3 23.axb3 Ra3 24.Rdd1 Rea8 25.Kh2 b5 26.fxe5 b4 27.exd6 Bxd6 28.Rxd6 
Qxd6 29.Bf4 Qd3 30.Qxd3 Nxd3 31.Na4 Nxf4 32.Nxf4 Bxc4 33.bxc4 R8xa4 34.e5 
Nxe5 35.Re1 Nf3+ 36.Bxf3 Rxf3 37.h4 Ra2+ 38.Kh3 Raa3 39.Re4 Rxg3+ 40.Kh2 
Rg4 0-1

[Event "26th EUR-ch"]
[Site "Katowice POL"]
[Date "2026.04.08"]
[Round "2.174"]
[White "Goderdzishvili, Giga"]
[Black "Malinowski, Damian"]
[Result "1-0"]
[WhiteElo "2261"]
[BlackElo "1984"]
[EventDate "2026.04.07"]
[PlyCount "71"]

1.e4 c6 2.d4 d5 3.exd5 cxd5 4.Bd3 Nc6 5.c3 Qc7 6.Na3 a6 7.Nc2 Nf6 8.h3 e6 
9.Nf3 Bd6 10.Qe2 h6 11.O-O O-O 12.Re1 Nd7 13.Ne3 Nf6 14.Ng4 Nxg4 15.hxg4 
f6 16.Bc2 Bf4 17.Qd3 f5 18.g5 Bxc1 19.Raxc1 Qf4 20.g3 Qg4 21.gxh6 Rf6 22.
Kg2 Bd7 23.hxg7 Kxg7 24.Rh1 Rff8 25.Rh4 Qg6 26.Qe3 Rh8 27.Rch1 Qf6 28.Qf4 
Rxh4 29.Rxh4 Rh8 30.Rxh8 Kxh8 31.Qc7 Qe7 32.Qxb7 f4 33.Ba4 e5 34.Bxc6 e4 
35.Ne5 f3+ 36.Kg1 1-0

[Event "26th EUR-ch"]
[Site "Katowice POL"]
[Date "2026.04.08"]
[Round "2.175"]
[White "Romanyshyn, Oleh"]
[Black "Pousada Garcia, Victor Daniel"]
[Result "1-0"]
[WhiteElo "2255"]
[BlackElo "1984"]
[EventDate "2026.04.07"]
[PlyCount "103"]

1.Nf3 Nf6 2.g3 d5 3.Bg2 e6 4.O-O Be7 5.d4 O-O 6.c4 dxc4 7.Qc2 a6 8.a4 Bd7 
9.Qxc4 Bc6 10.Bg5 Nbd7 11.Nc3 h6 12.Bf4 Bd6 13.Ne5 Bxg2 14.Kxg2 Qe7 15.e4 
Nh5 16.Nxd7 Nxf4+ 17.gxf4 Qxd7 18.Ne2 b5 19.axb5 Qxb5 20.Qxb5 axb5 21.Rfc1
Rxa1 22.Rxa1 c5 23.e5 Be7 24.Ra7 Re8 25.Rc7 cxd4 26.Nxd4 Bf8 27.Kf3 Ra8 
28.b3 b4 29.f5 exf5 30.Nxf5 g6 31.Nd4 Ra1 32.e6 fxe6 33.Nxe6 Bd6 34.Rg7+ 
Kh8 35.Rxg6 Be5 36.Rxh6+ Kg8 37.Rh5 Bc3 38.Rd5 Rb1 39.Nc5 Rb2 40.Rd1 Bf6 
41.Rd3 Rb1 42.h3 Bc3 43.Ke4 Kf7 44.Kf5 Re1 45.f4 Kg7 46.Ne4 Bb2 47.h4 Rf1 
48.Ng5 Bc3 49.h5 Rb1 50.Rd7+ Kf8 51.h6 Rxb3 52.Ke6 1-0

[Event "26th EUR-ch"]
[Site "Katowice POL"]
[Date "2026.04.08"]
[Round "2.176"]
[White "Hlavacek, Pavel"]
[Black "Podolskyi, Mykhailo"]
[Result "0-1"]
[WhiteElo "1982"]
[BlackElo "2255"]
[EventDate "2026.04.07"]
[PlyCount "94"]

1.d4 d5 2.c4 e6 3.Nf3 c6 4.e3 Nf6 5.Bd3 Nbd7 6.Nbd2 c5 7.O-O Be7 8.Re1 O-O
9.b3 b6 10.Bb2 cxd4 11.exd4 Bb7 12.Ne5 Rc8 13.Re3 g6 14.Rc1 Nh5 15.Ndf3 
Nxe5 16.dxe5 Bc5 17.Re1 Nf4 18.Bf1 dxc4 19.Rxc4 Nh3+ 20.gxh3 Qxd1 21.Rxd1 
Bxf3 22.Rd7 Rcd8 23.Rxd8 Rxd8 24.b4 Be7 25.a3 Rd1 26.Rc1 Rd2 27.Bc3 Ra2 
28.Ra1 Rc2 29.Be1 Bg5 30.Bd3 Rc7 31.b5 Bf4 32.a4 Bxe5 33.Rb1 Bd4 34.a5 e5 
35.axb6 axb6 36.Bd2 e4 37.Bf1 Rc2 38.Be3 Bxe3 39.fxe3 f5 40.Ra1 g5 41.h4 
f4 42.hxg5 fxe3 43.Ra8+ Kg7 44.Ra1 e2 45.Bh3 Rd2 46.Re1 Rd1 47.Kf2 e3+ 0-1

[Event "26th EUR-ch"]
[Site "Katowice POL"]
[Date "2026.04.08"]
[Round "2.177"]
[White "Kulpa, Zuzanna"]
[Black "Perets, Dmytro"]
[Result "0-1"]
[WhiteElo "1979"]
[BlackElo "2253"]
[EventDate "2026.04.07"]
[PlyCount "150"]

1.e4 c5 2.Nf3 a6 3.Nc3 Nc6 4.d4 cxd4 5.Nxd4 e5 6.Nb3 Bb4 7.Qd3 Nf6 8.Bg5 
h6 9.Bxf6 Qxf6 10.Be2 O-O 11.O-O Bxc3 12.Qxc3 d6 13.Rad1 Qe7 14.Qd2 Rd8 
15.Bc4 Be6 16.Bd5 Rac8 17.c3 b5 18.f4 Qa7+ 19.Kh1 Bxd5 20.Qxd5 Ne7 21.Qd3 
Qc7 22.Qf3 Qc4 23.g3 f6 24.Rfe1 Qa4 25.Nc1 Qc4 26.Qe3 Ng6 27.f5 Nf8 28.Qa7
d5 29.Qb6 Rd7 30.Qxa6 Rcd8 31.Qb6 Rd6 32.Qe3 dxe4 33.Rxd6 Rxd6 34.Nb3 Qa4 
35.Qxe4 Qxa2 36.Qb4 Qa6 37.Qe4 Qb6 38.Qe3 Qc6+ 39.Qe4 Qb6 40.Qe3 Qb7+ 41.
Qe4 Qa7 42.Qe2 Qd7 43.g4 Qb7+ 44.Qe4 Qa7 45.Qe2 Qb6 46.Qe3 Qxe3 47.Rxe3 
Rd1+ 48.Kg2 Rb1 49.Re2 Nd7 50.Rd2 Nb6 51.Nc5 Nc4 52.Rd8+ Kf7 53.b3 Rb2+ 
54.Kg3 Nd2 55.Rd7+ Ke8 56.Rxg7 Nf1+ 57.Kf3 Nxh2+ 58.Kg3 Nf1+ 59.Kf3 Nh2+ 
60.Kg3 Nf1+ 61.Kf3 Nd2+ 62.Kg3 Rc2 63.b4 Rxc3+ 64.Kg2 Rc4 65.Ne6 Ne4 66.
Rg6 Rxb4 67.Rxh6 Rb3 68.Rg6 b4 69.Nc7+ Kf7 70.Nd5 Rg3+ 71.Kh2 b3 72.Nxf6 
Nxf6 73.Kxg3 b2 74.g5 Ne4+ 75.Kf3 b1=Q 0-1

[Event "26th EUR-ch"]
[Site "Katowice POL"]
[Date "2026.04.08"]
[Round "2.178"]
[White "Saraci, Korab"]
[Black "Zabawski, Grzegorz"]
[Result "1-0"]
[WhiteElo "2251"]
[BlackElo "1984"]
[EventDate "2026.04.07"]
[PlyCount "83"]

1.e4 Nf6 2.e5 Nd5 3.d4 Nb6 4.Nf3 d5 5.Bd3 Bg4 6.h3 Bh5 7.e6 fxe6 8.g4 Bf7 
9.Bf4 N8d7 10.O-O g6 11.Nc3 Bg7 12.Nb5 O-O 13.Bxc7 Qc8 14.Bg3 e5 15.dxe5 
a6 16.Nbd4 e6 17.Qe2 Nc5 18.Rac1 Qd7 19.b3 Rac8 20.Rfd1 Nxd3 21.cxd3 h6 
22.Qe3 Rxc1 23.Rxc1 Rc8 24.Rxc8+ Nxc8 25.Bh4 g5 26.Bg3 Ne7 27.h4 gxh4 28.
Nxh4 Nc6 29.f4 Nxd4 30.Qxd4 Qc7 31.Qb2 Bf8 32.Qd2 d4 33.f5 Qc3 34.Bf4 Qa1+
35.Kh2 exf5 36.Qg2 Kh7 37.gxf5 Qe1 38.Nf3 Qd1 39.e6 Bh5 40.Ne5 Bg7 41.e7 
Qe1 42.Qg6+ 1-0

[Event "26th EUR-ch"]
[Site "Katowice POL"]
[Date "2026.04.08"]
[Round "2.179"]
[White "Przybylski, Bartosz"]
[Black "Uzun, Kuzey"]
[Result "1-0"]
[WhiteElo "2249"]
[BlackElo "1982"]
[EventDate "2026.04.07"]
[PlyCount "73"]

1.e4 e6 2.d4 d5 3.Nd2 c5 4.Ngf3 Nc6 5.exd5 exd5 6.Bb5 Qe7+ 7.Qe2 Qxe2+ 8.
Bxe2 Nb4 9.Kd1 Bf5 10.Bb5+ Kd8 11.Ba4 b5 12.a3 bxa4 13.axb4 cxb4 14.Rxa4 
Rc8 15.Rxa7 Bxc2+ 16.Ke2 Bd6 17.Ne5 Bxe5 18.dxe5 Ne7 19.Nf3 Re8 20.Be3 Rb8
21.Nd4 b3 22.Bg5 Rc8 23.Rha1 h6 24.Be3 Nc6 25.Nxc6+ Rxc6 26.Rxf7 d4 27.
Bxd4 Ree6 28.Ra8+ Rc8 29.Rf8+ Ke7 30.Raxc8 Ra6 31.Rce8+ Kd7 32.e6+ Kd6 33.
e7 Kd5 34.Rd8+ Kc4 35.e8=Q Bd3+ 36.Kd2 Re6 37.Qa4# 1-0

[Event "26th EUR-ch"]
[Site "Katowice POL"]
[Date "2026.04.08"]
[Round "2.180"]
[White "Smietanska, Wiktoria"]
[Black "Rozhok, Oleksii"]
[Result "0-1"]
[WhiteElo "2248"]
[BlackElo "1979"]
[EventDate "2026.04.07"]
[PlyCount "82"]

1.e4 c5 2.Nf3 d6 3.d4 cxd4 4.Nxd4 Nf6 5.Nc3 a6 6.Be3 e6 7.f3 Qc7 8.Qd2 
Nbd7 9.O-O-O b5 10.g4 Bb7 11.g5 Nh5 12.Kb1 b4 13.Nce2 d5 14.exd5 Bxd5 15.
Nc1 g6 16.Be2 Be7 17.Nd3 Qb7 18.Rhf1 a5 19.f4 Ng7 20.Bf3 O-O 21.Bxd5 Qxd5 
22.Qf2 a4 23.Ne5 Nxe5 24.Nf5 Nxf5 25.Rxd5 Ng4 26.Qg1 Ngxe3 27.Rxf5 Nxf5 
28.h4 Nxh4 29.Qh2 Nf5 30.Rh1 h5 31.gxh6 Kh7 32.Qg2 Rad8 33.Qb7 Rd2 34.Rc1 
Rfd8 35.b3 a3 36.Qe4 R8d5 37.Qf3 Nd4 38.Qe3 Ne2 39.f5 Nc3+ 40.Ka1 Rd1 41.
fxg6+ fxg6 0-1

[Event "26th EUR-ch"]
[Site "Katowice POL"]
[Date "2026.04.08"]
[Round "2.181"]
[White "Spyra, Piotr"]
[Black "Brzezina, Pawel"]
[Result "0-1"]
[WhiteElo "1975"]
[BlackElo "2247"]
[EventDate "2026.04.07"]
[PlyCount "112"]

1.d4 d5 2.Nf3 Nf6 3.e3 e6 4.Bd3 c5 5.b3 Nbd7 6.Bb2 Bd6 7.O-O Qc7 8.Nbd2 e5
9.dxe5 Nxe5 10.Nxe5 Bxe5 11.Bb5+ Bd7 12.Bxe5 Qxe5 13.Bxd7+ Nxd7 14.c4 Nf6 
15.cxd5 Qxd5 16.e4 Qe6 17.Qc2 b6 18.Nc4 O-O 19.f3 Rfd8 20.Rad1 Qe7 21.a4 
Qc7 22.Rxd8+ Rxd8 23.Rd1 Rd7 24.Rxd7 Qxd7 25.Qd2 Qxd2 26.Nxd2 Nd7 27.Nc4 
f6 28.Kf2 Kf7 29.Ke3 Ke6 30.f4 Nb8 31.Kd3 Nc6 32.g4 Kd7 33.Ne3 Nd4 34.b4 
Ne6 35.f5 Nf4+ 36.Kc4 cxb4 37.Kxb4 Kc6 38.h4 Nd3+ 39.Kc4 Ne5+ 40.Kb4 Nf3 
41.Ng2 Nd2 42.Nf4 a5+ 43.Kc3 Nxe4+ 44.Kd4 Nd6 45.Ne6 h5 46.Nxg7 hxg4 47.h5
b5 48.axb5+ Kxb5 49.h6 Nf7 50.h7 g3 51.Ke3 g2 52.Kf2 a4 53.Ne6 a3 54.Nd4+ 
Kc4 55.Nc2 a2 56.Kxg2 Kc3 0-1

[Event "26th EUR-ch"]
[Site "Katowice POL"]
[Date "2026.04.08"]
[Round "2.182"]
[White "Maltezeanu, Stefan"]
[Black "Modzelewski, Filip"]
[Result "1-0"]
[WhiteElo "2245"]
[BlackElo "1971"]
[EventDate "2026.04.07"]
[PlyCount "106"]

1.e4 c5 2.Nf3 Nc6 3.d4 cxd4 4.Nxd4 Nf6 5.Nc3 g6 6.Be3 Bg7 7.Bc4 O-O 8.Bb3 
d5 9.exd5 Na5 10.Nf3 Nxb3 11.axb3 b6 12.O-O Bb7 13.d6 exd6 14.Bf4 d5 15.
Be5 Re8 16.Qd4 Nh5 17.Bxg7 Nxg7 18.Rad1 Nf5 19.Qf4 Rc8 20.Rd2 a6 21.Rfd1 
Qe7 22.h3 b5 23.Nxd5 Bxd5 24.Rxd5 Rxc2 25.Re5 Qf8 26.g4 Ng7 27.Qf6 Ne6 28.
Rd7 Rcc8 29.Ra7 Ra8 30.Rxa8 Rxa8 31.Rd5 Rd8 32.Rxd8 Qxd8 33.Qxd8+ Nxd8 34.
Nd4 Kf8 35.f4 Ke7 36.Kf2 Ne6 37.Ke3 Nc5 38.b4 Nd7 39.Nb3 Kd6 40.Kd4 Nb6 
41.Nc5 Nd5 42.Nb7+ Kc6 43.Nd8+ Kd6 44.Nxf7+ Kc6 45.Ne5+ Kd6 46.Nd3 h6 47.
f5 gxf5 48.gxf5 Ne7 49.Ke4 Nc6 50.h4 h5 51.Kf4 Kd5 52.Kg5 Ke4 53.Nc5+ Kd5 
1-0